000 00356pab a2200145 454500
008 180718b2000 xxu||||| |||| 00| 0 eng d
100 _aCluniesross, Anthony
245 _aResources for social development
260 _c2000
300 _ap.21-25
362 _aJun
650 _aEconomic and social development
773 _aDevelopment
909 _a45617
999 _c45617
_d45617